| 000 | 00751nam a22002177a 4500 | ||
|---|---|---|---|
| 999 |
_c20090 _d20090 |
||
| 003 | AR-CdUCM | ||
| 008 | 190525b ||||| |||| 00| 0 spa d | ||
| 040 |
_aMUNICIPALIDAD PROVINCIAL DEL CUSCO _cBIBLIOTECA MUNICIPAL DEL CUSCO |
||
| 082 |
_a985.01 / _bB24 |
||
| 100 |
_aBarco Lopez, Alejandro _942031 |
||
| 245 | _aLos tesoros de Pachacamac y Catalina Huanca / | ||
| 260 |
_aLima : _bVillanueva, _c1972. |
||
| 300 |
_a484 páginas ; _c24 cm |
||
| 505 | _aContenido : Primeras revelaciones -- En Huarihuilca -- Pariacaca -- En Irma -- Amaru Tupac Yupanqui... | ||
| 650 |
_aTemplo Pachacamac _942032 |
||
| 650 |
_aTesoros sagrados _942033 |
||
| 650 |
_aPariacaca _942034 |
||
| 650 |
_aCatalina Huanca _942035 |
||
| 942 |
_2ddc _cLIBROS |
||
| 945 | _arcc | ||